[Event "TUR-ch (Women)"]
[Site "Ayvalik"]
[Date "2022.03.10"]
[Round "8"]
[White "Aksoy, Duru"]
[Black "Gur, Tuba"]
[Result "0-1"]
[WhiteElo "1231"]
[BlackElo "1750"]
[PlyCount "128"]
[EventDate "2022.03.05"]
[EventType "swiss"]
[EventRounds "9"]
[EventCountry "TUR"]
[SourceTitle "EXT 2023"]
[Source "ChessBase"]
[SourceDate "2022.10.05"]
[SourceVersion "1"]
[SourceVersionDate "2022.10.05"]
[SourceQuality "1"]

1. e4 c5 2. c3 d5 3. exd5 Qxd5 4. Na3 Nf6 5. Nf3 Bg4 6. Be2 Nc6 7. d4 cxd4 8. Nb5 Qd7 9. Nbxd4 Nxd4 10. Nxd4 e5 11. Bxg4 Nxg4 12. Qe2 Bc5 13. h3 0-0 14. hxg4 exd4 15. Qd3 Rae8+ 16. Be3 g6 17. cxd4 Qxd4 18. Qxd4 Bxd4 19. Ke2 f5 20. gxf5 Rxf5 21. Rad1 Bxb2 22. Rb1 Bg7 23. Rxb7 Ra5 24. Rd1 Rxa2+ 25. Rd2 Rxd2+ 26. Kxd2 a5 27. Ra7 Bf8 28. Bb6 Bb4+ 29. Kd3 Re5 30. Bd4 Re7 31. Ra6 Rd7 32. Kc4 Kf7 33. Bb6 h5 34. Bd4 Rd6 35. Ra7+ Ke6 36. Rg7 Rc6+ 37. Kb3 Kd5 38. Bb2 Be1 39. f3 Rb6+ 40. Kc2 Kc4 41. Re7 Bb4 42. Re4+ Kb5 43. Re5+ Bc5 44. Bd4 Rc6 45. Rg5 Kb6 46. Kd3 Bxd4 47. Kxd4 a4 48. Re5 a3 49. Re2 Kb5 50. g3 Kb4 51. Kd5 Rc3 52. Re8 a2 53. Rb8+ Ka3 54. Kd4 Rb3 55. Ra8+ Kb2 56. Kc4 Ra3 57. Rb8+ Kc2 58. Re8 a1Q 59. Re2+ Kd1 60. Rf2 Qc3+ 61. Kb5 Ra5+ 62. Kb6 Qc5+ 63. Kb7 Ra7+ 64. Kb8 Qc7# 0-1

[Event "Kirsehir Ahilik op"]
[Site "Kirsehir"]
[Date "2021.09.15"]
[Round "4"]
[White "Koseoglu, Osman Ogul"]
[Black "Gur, Tuba"]
[Result "1/2-1/2"]
[WhiteElo "1845"]
[BlackElo "1746"]
[PlyCount "98"]
[EventDate "2021.09.13"]
[EventType "swiss"]
[EventRounds "9"]
[EventCountry "TUR"]
[SourceTitle "CBM 204 Extra"]
[Source "ChessBase"]
[SourceDate "2021.11.30"]
[SourceVersion "1"]
[SourceVersionDate "2021.11.30"]
[SourceQuality "1"]

1. d4 d5 2. Nf3 Nf6 3. g3 e6 4. Bg2 c5 5. 0-0 Be7 6. c4 cxd4 7. Nxd4 0-0 8. cxd5 Nxd5 9. e4 Nf6 10. Nc3 Nbd7 11. Re1 Bb4 12. Qb3 Nc5 13. Qc4 e5 14. Nc2 Bxc3 15. Qxc3 Nd3 16. Rd1 Nxc1 17. Raxc1 Qe7 18. Ne3 Bg4 19. Nxg4 Nxg4 20. Qc5 Qe6 21. Bf3 Nf6 22. Qc4 Qb6 23. b3 Rad8 24. Rxd8 Qxd8 25. Qc7 Qd3 26. Kg2 Nxe4 27. Qxb7 Nxf2 28. Rc8 e4 29. Rxf8+ Kxf8 30. Qb8+ Ke7 31. Qxa7+ Kf8 32. Qc5+ Ke8 33. Qxf2 exf3+ 34. Qxf3 Qc2+ 35. Qf2 Qe4+ 36. Qf3 Qc2+ 37. Qf2 Qe4+ 38. Kf1 Qh1+ 39. Ke2 Qb1 40. Qe3+ Kf8 41. Qc5+ Ke8 42. Qe5+ Kf8 43. Qd6+ Ke8 44. Qd2 g6 45. a4 Kf8 46. Qd8+ Kg7 47. Qd4+ Kg8 48. Qd5 Qc2+ 49. Ke3 Qxh2 1/2-1/2

[Event "TUR-ch (Women)"]
[Site "Ankara"]
[Date "2020.03.08"]
[Round "9"]
[White "Gur, Tuba"]
[Black "Kaya, Emel"]
[Result "0-1"]
[WhiteElo "1782"]
[BlackElo "1936"]
[PlyCount "112"]
[EventDate "2020.03.02"]
[EventType "swiss"]
[EventRounds "9"]
[EventCountry "TUR"]
[SourceTitle "CBM 195 Extra"]
[Source "ChessBase"]
[SourceDate "2020.05.31"]
[SourceVersion "1"]
[SourceVersionDate "2020.05.31"]
[SourceQuality "1"]

1. c4 c5 2. g3 g6 3. Bg2 Bg7 4. Nc3 Nc6 5. e3 e5 6. Nge2 Nge7 7. 0-0 0-0 8. Nd5 Nxd5 9. cxd5 Nb4 10. d4 cxd4 11. exd4 d6 12. a3 Na6 13. Be3 Bd7 14. Qd2 Re8 15. Rfe1 Rc8 16. Rac1 exd4 17. Rxc8 dxe3 18. Rxd8 exd2 19. Rxe8+ Bxe8 20. Rd1 Bxb2 21. Rxd2 Bxa3 22. Nf4 b5 23. Bf1 Nc5 24. Nd3 Nxd3 25. Bxd3 b4 26. Rc2 Ba4 27. Rc8+ Kg7 28. Ra8 Bb3 29. Be4 f5 30. Rxa7+ Kf6 31. Bg2 Bc2 32. Bf1 b3 33. Bc4 b2 34. Ba2 Bc5 35. Rb7 Bd4 36. Kf1 Ke5 37. Ke2 Bc3 38. Rc7 Bb3 39. Bb1 Kd4 40. Rxh7 Bc4+ 41. Kd1 Bxd5 42. Rh4+ Kc5 43. Kc2 Bf6 44. Ra4 Be4+ 45. Rxe4 fxe4 46. Kd2 d5 47. Ke3 g5 48. f3 exf3 49. Kxf3 Kd4 50. Ke2 Kc3 51. Bf5 d4 52. Bd3 g4 53. Bf5 Bg5 54. Bd3 Be3 55. Bf5 Bg1 56. Kf1 d3 0-1

[Event "TUR Cup"]
[Site "Antalya"]
[Date "2020.01.28"]
[Round "4"]
[White "Seb, Ozgur"]
[Black "Gur, Tuba"]
[Result "1/2-1/2"]
[WhiteElo "1573"]
[BlackElo "1782"]
[PlyCount "113"]
[EventDate "2020.01.26"]
[EventType "swiss"]
[EventRounds "11"]
[EventCountry "TUR"]
[SourceTitle "CBM 194 Extra"]
[Source "ChessBase"]
[SourceDate "2020.03.31"]
[SourceVersion "1"]
[SourceVersionDate "2020.03.31"]
[SourceQuality "1"]

1. c4 e6 2. g3 d5 3. cxd5 exd5 4. d4 Nf6 5. Bg2 c6 6. Nf3 Bd6 7. 0-0 0-0 8. Nc3 Re8 9. Qd3 Ne4 10. Nd2 Nxd2 11. Bxd2 Bb4 12. f3 b6 13. Rfe1 Ba6 14. Qc2 Bxc3 15. Bxc3 Re3 16. Kf2 Qe8 17. Qd2 Re6 18. e4 Nd7 19. exd5 cxd5 20. Rxe6 Qxe6 21. Re1 Qc6 22. g4 Nf6 23. h3 Re8 24. Re5 Re6 25. Qe3 Nd7 26. Rxe6 Qxe6 27. g5 Nf8 28. f4 Ng6 29. Qxe6 fxe6 30. f5 Nf4 31. fxe6 Bc8 32. e7 Kf7 33. h4 Nxg2 34. e8Q+ Kxe8 35. Kxg2 Ke7 36. Kf3 Bf5 37. h5 a5 38. Be1 a4 39. a3 Bc2 40. Bg3 Bd1+ 41. Kf4 Bxh5 42. Ke5 Bf3 43. Bf4 Be4 44. Bd2 Kd7 45. Bc1 Kc6 46. Bd2 Kb5 47. Bc3 Kc4 48. Kf4 Kd3 49. Ke5 Kc2 50. Kd6 Kb3 51. Ke6 h5 52. gxh6 gxh6 53. Ke5 b5 54. Kf4 b4 55. Bxb4 Kxb2 56. Kg4 Bg6 57. Kh4 1/2-1/2

[Event "Istanbul Redbull Masters"]
[Site "Istanbul"]
[Date "2019.11.24"]
[Round "4.12"]
[White "Gur, Tuba"]
[Black "Ozdemir, Cemre"]
[Result "1-0"]
[WhiteElo "1782"]
[BlackElo "1326"]
[PlyCount "50"]
[EventDate "2019.11.23"]
[EventType "k.o."]
[EventRounds "8"]
[EventCountry "TUR"]
[SourceTitle "CBM 193 Extra"]
[Source "ChessBase"]
[SourceDate "2020.01.31"]
[SourceVersion "1"]
[SourceVersionDate "2020.01.31"]
[SourceQuality "1"]

1. Nf3 Nf6 2. e3 d5 3. d4 c6 4. Bd3 Nbd7 5. b3 e6 6. Bb2 Bb4+ 7. Nbd2 0-0 8. 0-0 Re8 9. a3 Bd6 10. Ne5 Qc7 11. f4 b6 12. Rf3 Re7 13. Rh3 g6 14. Qe1 Ne8 15. Qh4 f6 16. Nxg6 Rg7 17. Qh6 f5 18. Ne5 Nxe5 19. fxe5 Bf8 20. Qf4 c5 21. Nf3 c4 22. bxc4 dxc4 23. Be2 b5 24. c3 Bb7 25. Rg3 Qe7 1-0

[Event "Istanbul Redbull Masters"]
[Site "Istanbul"]
[Date "2019.11.24"]
[Round "1.16"]
[White "Yanik, Sural Emine"]
[Black "Gur, Tuba"]
[Result "1-0"]
[WhiteElo "1834"]
[BlackElo "1782"]
[PlyCount "117"]
[EventDate "2019.11.23"]
[EventType "k.o."]
[EventRounds "8"]
[EventCountry "TUR"]
[SourceTitle "CBM 193 Extra"]
[Source "ChessBase"]
[SourceDate "2020.01.31"]
[SourceVersion "1"]
[SourceVersionDate "2020.01.31"]
[SourceQuality "1"]

1. d4 d5 2. Nf3 Nf6 3. Bg5 e6 4. e3 Be7 5. Bd3 c5 6. c3 Qb6 7. Qc2 Nc6 8. 0-0 h6 9. Bh4 c4 10. Be2 Qc7 11. Nbd2 b5 12. e4 dxe4 13. Nxe4 Nxe4 14. Qxe4 Bb7 15. b3 Na5 16. Qg4 0-0 17. Bxe7 Qxe7 18. b4 Nc6 19. a4 a6 20. Rfe1 Qc7 21. Bd1 Ne7 22. Bc2 Bc6 23. Ne5 f5 24. Qh5 Bd5 25. a5 Qb7 26. Qh3 Nc6 27. f4 Nxe5 28. Rxe5 Qf7 29. Bd1 g5 30. Qxh6 gxf4 31. Qxf4 Qg6 32. Qg3 Qxg3 33. hxg3 Rf6 34. Bf3 Rd8 35. Rae1 Kf7 36. Bxd5 Rxd5 37. Rxd5 exd5 38. Re5 f4 39. gxf4 Rxf4 40. Rxd5 Ke6 41. Rh5 Rf6 42. Re5+ Kd6 43. g4 Rf3 44. Kg2 Rxc3 45. Rh5 Re3 46. Rh6+ Re6 47. Rh8 Kd5 48. Rd8+ Ke4 49. d5 Rg6 50. Kg3 c3 51. d6 c2 52. Rc8 Kd3 53. d7 Rd6 54. d8Q Rxd8 55. Rxd8+ Kc3 56. g5 Kb2 57. g6 Kc1 58. g7 Kb2 59. g8Q 1-0

[Event "TUR-ch (Women)"]
[Site "Antalya"]
[Date "2019.03.06"]
[Round "6"]
[White "Acar, Ilayda"]
[Black "Gur, Tuba"]
[Result "0-1"]
[WhiteElo "1351"]
[BlackElo "1723"]
[PlyCount "90"]
[EventDate "2019.03.03"]
[EventType "swiss"]
[EventRounds "9"]
[EventCountry "TUR"]
[SourceTitle "CBM 189 Extra"]
[Source "ChessBase"]
[SourceDate "2019.06.03"]
[SourceVersion "1"]
[SourceVersionDate "2019.06.03"]
[SourceQuality "1"]

1. d4 d5 2. Bf4 c5 3. e3 Nc6 4. Nf3 Nf6 5. h3 Bf5 6. Bd3 Bg6 7. c3 Qb6 8. Bxg6 hxg6 9. Qb3 c4 10. Qxb6 axb6 11. Nbd2 b5 12. 0-0 b4 13. Rfe1 e6 14. Ne5 Be7 15. Nxc6 bxc6 16. Be5 Kd7 17. Nf3 Ra6 18. Bh2 Rha8 19. Ne5+ Ke8 20. Reb1 Ne4 21. cxb4 Rxa2 22. Rxa2 Rxa2 23. Nxc6 Nd2 24. Rd1 Rxb2 25. Bf4 c3 26. Kh2 c2 27. Ra1 f6 28. e4 Ra2 29. Rxa2 c1Q 30. Nxe7 Nf1+ 31. Kg1 Qxf4 32. Nxg6 Qc1 33. Ra8+ Kd7 34. Nf8+ Kc7 35. Nxe6+ Kb7 36. Rg8 Ng3+ 37. Kh2 Ne2 38. Rxg7+ Kb6 39. h4 dxe4 40. d5 f5 41. Rb7+ Kxb7 42. Nc5+ Kb6 43. Na4+ Ka7 44. b5 Qg1+ 45. Kh3 Qh1# 0-1

[Event "TUR-ch (Women)"]
[Site "Antalya"]
[Date "2019.03.06"]
[Round "5"]
[White "Gur, Tuba"]
[Black "Ozturk Orenli, Kubra"]
[Result "0-1"]
[WhiteElo "1723"]
[BlackElo "2344"]
[PlyCount "88"]
[EventDate "2019.03.03"]
[EventType "swiss"]
[EventRounds "9"]
[EventCountry "TUR"]
[SourceTitle "CBM 189 Extra"]
[Source "ChessBase"]
[SourceDate "2019.06.03"]
[SourceVersion "1"]
[SourceVersionDate "2019.06.03"]
[SourceQuality "1"]

1. d4 Nf6 2. Nf3 e6 3. e3 c5 4. Bd3 d5 5. b3 Nc6 6. 0-0 cxd4 7. exd4 g6 8. Re1 Bg7 9. Ba3 a6 10. Nbd2 Ne7 11. c4 0-0 12. Rc1 Re8 13. Qc2 Nc6 14. b4 dxc4 15. Qxc4 Bd7 16. Bb2 b5 17. Qb3 a5 18. Bxb5 Nxb4 19. Bxd7 Nxd7 20. Nc4 Bh6 21. Rcd1 Qc7 22. Nfe5 Reb8 23. Qh3 Nxe5 24. Nxe5 Bg7 25. Rc1 Qb7 26. a3 Nd5 27. Ba1 Ra6 28. Qg3 Rb6 29. Nc4 Rb3 30. Nxa5 Rxg3 31. Nxb7 Rxa3 32. Nc5 g5 33. g3 h6 34. Nd7 Rba8 35. Ne5 Nb4 36. Red1 Bxe5 37. dxe5 Kg7 38. Bd4 Nd5 39. Kg2 Kg6 40. h3 h5 41. g4 Nf4+ 42. Kh2 Rxh3+ 43. Kg1 hxg4 44. Rc2 Rah8 0-1